Les entreprises Japonaises

Bewaard in:
Bibliografische gegevens
Hoofdauteur: Yoshimori, Masaru
Formaat: Boek
Taal:Undetermined
Gepubliceerd in: Paris Presses Universitaire de France 1984
Onderwerpen:
Tags: Voeg label toe
Geen labels, Wees de eerste die dit record labelt!
Thư viện lưu trữ: Trung tâm Học liệu Trường Đại học Cần Thơ
LEADER 00494nam a2200181Ia 4500
001 CTU_87833
008 210402s9999 xx 000 0 und d
082 |a 658 
082 |b Y61 
100 |a Yoshimori, Masaru 
245 0 |a Les entreprises Japonaises 
245 0 |c Masaru Yoshimori 
260 |a Paris 
260 |b Presses Universitaire de France 
260 |c 1984 
650 |a Enterprise in japan 
904 |i Trọng Hiếu 
980 |a Trung tâm Học liệu Trường Đại học Cần Thơ